Keats

Gespeichert in:
Bibliographische Detailangaben
1. Verfasser: Keats, John (VerfasserIn)
Format: Buch
Sprache:Englisch
Veröffentlicht: Nueva York Dell Publishing 1959
Schriftenreihe:The Laurel Poetry Series
Schlagworte:
Tags: Tag hinzufügen
Keine Tags, Fügen Sie den ersten Tag hinzu!

MARC

LEADER 00000nam a2200000 a 4500
001 UCQ4305
003 CL-VaPUC
008 980904e19590000US |||||||||||||||||eng|d
082 0 4 |a 821  |b KEA  |2 21 
100 |a Keats, John  |e author  |9 326187 
245 1 0 |a Keats 
300 |a 159 p 
942 |c BK 
945 |d 19980904 00:00:00  |a crobeson 
260 |a Nueva York  |b Dell Publishing  |c 1959 
650 0 |a Poesías inglesas  |9 265094 
650 0 |a Literatura inglesa  |9 312907 
583 |a last modification  |c 19980904 00:00:00  |k Rodrigo Vera 
490 0 |a The Laurel Poetry Series 
999 |c 274691  |d 274689 
952 |0 0  |1 0  |4 0  |6 821_000000000000000_KEA_1959  |7 0  |8 A  |9 310979  |a BIBEDU  |b BIBEDU  |d 2019-11-20  |i 1460706  |o 821 KEA 1959  |p 1460706  |r 2019-11-20  |w 2019-11-20  |y BK  |k LIT